|
|
|
|
| LEADER |
01560nam a2200289 i 4500 |
| 001 |
GR-MES2316 |
| 003 |
GR-PaULI |
| 005 |
20250103125409.0 |
| 008 |
991111s1986 mau g 001 b eng d |
| 020 |
|
|
|a 0898382114
|
| 040 |
|
|
|a GrPaTEI
|b gre
|c GR-PaULI
|e AACR2
|
| 082 |
0 |
4 |
|2 23
|a 330.1
|
| 245 |
0 |
4 |
|a The reconstruction of economic theory /
|c edited by Philip Mirowski.
|
| 260 |
|
|
|a Boston :
|b Kluwer-Nijhoff,
|c 1986.
|
| 300 |
|
|
|a 266 σ. :
|b εικ. ;
|c 24 εκ.
|
| 490 |
1 |
|
|a Recent economic thought series / Kluwer
|
| 500 |
|
|
|a Περιλαμβάνει ευρετήριο.
|
| 504 |
|
|
|a Περιλαμβάνει βιβλιογραφία και ευρετήριο.
|
| 650 |
|
4 |
|a Οικονομική
|x Μεθοδολογία.
|9 5697
|
| 700 |
1 |
|
|a Mirowski, Philip
|9 118785
|e επιμελητής.
|
| 830 |
|
0 |
|a Recent economic thought series (Kluwer)
|9 163956
|
| 942 |
|
|
|2 ddc
|c BK
|
| 952 |
|
|
|0 0
|1 0
|2 ddc
|4 0
|6 330_100000000000000_REC
|7 0
|9 266666
|a MSLG
|b MSLG
|c BSC
|d 2021-01-17
|e 24
|f 0
|g 0.00
|i 13788
|l 0
|o 330.1 REC
|p 2420000013788
|r 2021-01-17 00:00:00
|t 1
|w 2021-01-17
|y BK15
|x 19991111 0 1
|x GrPaTEI
|
| 952 |
|
|
|0 0
|1 0
|2 ddc
|4 0
|6 330_100000000000000_REC
|7 0
|9 266667
|a MSLG
|b MSLG
|c BSC
|d 2021-01-17
|e 24
|f 0
|g 0.00
|i 14290
|l 0
|o 330.1 REC
|p 2420000014290
|r 2021-01-17 00:00:00
|t 2
|w 2021-01-17
|y BK15
|x 19991111 0 1
|x GrPaTEI
|
| 952 |
|
|
|0 0
|1 0
|2 ddc
|4 0
|6 330_100000000000000_REC
|7 0
|9 266668
|a MSLG
|b MSLG
|c BSC
|d 2021-01-17
|e 24
|f 0
|g 0.00
|i 14291
|l 0
|o 330.1 REC
|p 2420000014291
|r 2021-01-17 00:00:00
|t 3
|w 2021-01-17
|y BK15
|x 19991111 0 1
|x GrPaTEI
|
| 998 |
|
|
|c ΒΑΣΙΛΕΙΟΥ
|d 2025-01
|
| 999 |
|
|
|c 153440
|d 153440
|